<?xml version="1.0" encoding="UTF-8"?>
<record
    xmlns:xsi="http://www.w3.org/2001/XMLSchema-instance"
    xsi:schemaLocation="http://www.loc.gov/MARC21/slim http://www.loc.gov/standards/marcxml/schema/MARC21slim.xsd"
    xmlns="http://www.loc.gov/MARC21/slim">

  <leader>01698nam a22001697a 4500</leader>
  <controlfield tag="008">180807b        xxu||||| |||| 00| 0 eng d</controlfield>
  <datafield tag="020" ind1=" " ind2=" ">
    <subfield code="a">9780073374529</subfield>
  </datafield>
  <datafield tag="050" ind1=" " ind2=" ">
    <subfield code="a">RB115.S23</subfield>
  </datafield>
  <datafield tag="100" ind1=" " ind2=" ">
    <subfield code="a">Safian, Shelley C.</subfield>
  </datafield>
  <datafield tag="245" ind1=" " ind2=" ">
    <subfield code="a">You code it!: abstracting case studies practicum. /</subfield>
    <subfield code="c">Shelley C. Safian.</subfield>
  </datafield>
  <datafield tag="250" ind1=" " ind2=" ">
    <subfield code="a">2nd ed.</subfield>
  </datafield>
  <datafield tag="260" ind1=" " ind2=" ">
    <subfield code="a">New York :</subfield>
    <subfield code="b">McGraw-HIll,</subfield>
    <subfield code="c">2012.</subfield>
  </datafield>
  <datafield tag="300" ind1=" " ind2=" ">
    <subfield code="a">viii, 519 p. :</subfield>
    <subfield code="b">ill. ;</subfield>
    <subfield code="c">28 cm.</subfield>
  </datafield>
  <datafield tag="500" ind1=" " ind2=" ">
    <subfield code="a">Includes photos credits.</subfield>
  </datafield>
  <datafield tag="505" ind1=" " ind2=" ">
    <subfield code="a">Contents: How to abstract notes -- Allergy and immunology cases and patient records -- Cardiology and cardiovascular cases and patient records -- Dentistry cases and patient records -- Dermatology and burns cases and patient records -- Emergency services cases and patient records -- Endocrinology cases and patient records -- Family practice cases and patient records -- Gastroenterology cases and patient records --  Gerontology cases and patient records -- Neonatal and pediatrics cases and patient records -- Obstetrics and gynecology cases and patient records -- Oncology cases and patient records -- Ophthalmology cases and patient records -- Orthopedics cases and patient records -- Otolaryngology cases and patient records -- Pathology and laboratory cases and patient records -- Plastic and reconstructive surgery cases and patient records -- Podiatry cases and patient records -- Psychiatric cases and patient records -- Pulmonary and respiratory cases and patient records -- Radiology and nuclear medicine cases and patient records -- Urology, nephrology, and men's health cases and patient records -- Alternative medicine: acupuncture, chiropractics, and physical therapy cases and patient records. </subfield>
  </datafield>
  <datafield tag="942" ind1=" " ind2=" ">
    <subfield code="2">lcc</subfield>
    <subfield code="c">BK</subfield>
  </datafield>
  <datafield tag="999" ind1=" " ind2=" ">
    <subfield code="c">6637</subfield>
    <subfield code="d">14137</subfield>
  </datafield>
  <datafield tag="952" ind1=" " ind2=" ">
    <subfield code="0">0</subfield>
    <subfield code="1">0</subfield>
    <subfield code="2">lcc</subfield>
    <subfield code="4">0</subfield>
    <subfield code="7">0</subfield>
    <subfield code="a">WIUC-1</subfield>
    <subfield code="b">WIUC-1</subfield>
    <subfield code="c">GEN</subfield>
    <subfield code="d">2018-08-07</subfield>
    <subfield code="l">0</subfield>
    <subfield code="o">RB115.S23</subfield>
    <subfield code="p">8343/163/18</subfield>
    <subfield code="r">2018-08-07 00:00:00</subfield>
    <subfield code="t">1</subfield>
    <subfield code="w">2018-08-07</subfield>
    <subfield code="y">BK</subfield>
  </datafield>
  <datafield tag="952" ind1=" " ind2=" ">
    <subfield code="0">0</subfield>
    <subfield code="1">0</subfield>
    <subfield code="2">lcc</subfield>
    <subfield code="4">0</subfield>
    <subfield code="7">0</subfield>
    <subfield code="a">WIUC-1</subfield>
    <subfield code="b">WIUC-1</subfield>
    <subfield code="c">NURS L.</subfield>
    <subfield code="d">2018-08-07</subfield>
    <subfield code="l">0</subfield>
    <subfield code="o">RB115.S23</subfield>
    <subfield code="p">NURS/552/214/18</subfield>
    <subfield code="r">2018-08-13 00:00:00</subfield>
    <subfield code="t">2</subfield>
    <subfield code="w">2018-08-07</subfield>
    <subfield code="y">BK</subfield>
  </datafield>
  <datafield tag="952" ind1=" " ind2=" ">
    <subfield code="0">0</subfield>
    <subfield code="1">0</subfield>
    <subfield code="2">lcc</subfield>
    <subfield code="4">0</subfield>
    <subfield code="7">0</subfield>
    <subfield code="a">WIUC-1</subfield>
    <subfield code="b">WIUC-1</subfield>
    <subfield code="c">NURS L.</subfield>
    <subfield code="d">2018-08-07</subfield>
    <subfield code="l">0</subfield>
    <subfield code="o">RB115.S231</subfield>
    <subfield code="p">NURS/553/215/18</subfield>
    <subfield code="r">2018-08-13 00:00:00</subfield>
    <subfield code="t">3</subfield>
    <subfield code="w">2018-08-07</subfield>
    <subfield code="y">BK</subfield>
  </datafield>
  <datafield tag="952" ind1=" " ind2=" ">
    <subfield code="0">0</subfield>
    <subfield code="1">0</subfield>
    <subfield code="2">lcc</subfield>
    <subfield code="4">0</subfield>
    <subfield code="7">0</subfield>
    <subfield code="a">WIUC-1</subfield>
    <subfield code="b">WIUC-1</subfield>
    <subfield code="c">NURS L.</subfield>
    <subfield code="d">2018-08-07</subfield>
    <subfield code="l">0</subfield>
    <subfield code="o">RB115.S232</subfield>
    <subfield code="p">NURS/554/216/18</subfield>
    <subfield code="r">2018-08-13 00:00:00</subfield>
    <subfield code="t">4</subfield>
    <subfield code="w">2018-08-07</subfield>
    <subfield code="y">BK</subfield>
  </datafield>
  <datafield tag="952" ind1=" " ind2=" ">
    <subfield code="0">0</subfield>
    <subfield code="1">0</subfield>
    <subfield code="2">lcc</subfield>
    <subfield code="4">0</subfield>
    <subfield code="7">0</subfield>
    <subfield code="a">WIUC-1</subfield>
    <subfield code="b">WIUC-1</subfield>
    <subfield code="c">NURS L.</subfield>
    <subfield code="d">2018-08-07</subfield>
    <subfield code="l">0</subfield>
    <subfield code="o">RB115.S233</subfield>
    <subfield code="p">NURS/555/217/18</subfield>
    <subfield code="r">2018-08-13 00:00:00</subfield>
    <subfield code="t">5</subfield>
    <subfield code="w">2018-08-07</subfield>
    <subfield code="y">BK</subfield>
  </datafield>
</record>
